000 00588nam a2200253Ia 4500
008 210210b2019 xxu||||| |||| 00| 0 eng d
020 _a9789353675172
041 _aeng
082 _a657.46 SAHB
100 _aSaha (R G)
245 _aBusiness taxation I and II: income tax 2019-20
260 _aMumbai
_bHimalaya Publishing House
_c2019
300 _a321
650 _ataxation
650 _atax
650 _aincome
650 _aII:
650 _aI
650 _aBusiness
650 _a2019-20
690 _aIncome Tax
700 _aDEVI (Usha N)
906 _a073407
999 _c123255
_d123255